000 00743nam0a22002291 4500
001 rc\3148539
005 20250530072216.0
035 _a(NLR Aleph) 007295200
090 _a5652012
_c5652012
100 _a20120615d1975 |||y0rusy50 ca
101 0 _arus
102 _aRU
105 _ay z |||||
200 1 _aРабочая инструкция по анализу производственно-хозяйственной деятельности промышленных предприятий
210 _a[Ростов-на-Дону]
_cБ. и.
_d1975
215 _a110 с.
_d20
333 _aДСП. Экз. № 195
801 0 _aRU
_bNLR
_gpsbo
801 1 _aRU
_bELAR
_2rusmarc
852 _aNLR
_j76-50К/1865
942 _cBOOK
980 _aNB